000 00363nam a2200145Ia 4500
008 221007s9999 xx 000 0 und d
041 _aeng
082 _bDES
100 _aDeshpande S S (2k51011)
_9102268
245 _aStudy of Recruitment and Selection
260 _c2007
_bPune University
_aPune
300 _a64p
520 _aAbhyankar S
906 _bGeneral
999 _c69430
_d69430